An Introduction to philosophy of education / (Record no. 2134)

MARC details
000 -LEADER
fixed length control field 00957cam a22002772 4500
001 - CONTROL NUMBER
control field 0000003533
005 - DATE AND TIME OF LATEST TRANSACTION
control field 20151217145735.0
008 - FIXED-LENGTH DATA ELEMENTS--GENERAL INFORMATION
fixed length control field 070509s xx 000 0 eng d
020 ## - INTERNATIONAL STANDARD BOOK NUMBER
International Standard Book Number 0415381266 :
040 ## - CATALOGING SOURCE
Original cataloging agency KABU
Transcribing agency KABU
050 #0 - LIBRARY OF CONGRESS CALL NUMBER
Classification number LB880
Item number .B37 2006
100 1# - MAIN ENTRY--PERSONAL NAME
Personal name Barrow, Robin.
-- 0000160507
245 13 - TITLE STATEMENT
Title An Introduction to philosophy of education /
Statement of responsibility, etc. Robin Barrow.
250 ## - EDITION STATEMENT
Edition statement 4th ed.
260 ## - PUBLICATION, DISTRIBUTION, ETC. (IMPRINT)
Place of publication, distribution, etc. London :
Name of publisher, distributor, etc. Routledge,
Date of publication, distribution, etc. 2006.
300 ## - PHYSICAL DESCRIPTION
Extent xix, 200 p.
650 #0 - SUBJECT ADDED ENTRY--TOPICAL TERM
Topical term or geographic name as entry element Education
General subdivision Philosophy.
-- 0000002605
700 1# - ADDED ENTRY--PERSONAL NAME
Personal name Woods, Ronald.
-- 0000160508
852 1# - LOCATION
-- p2032.87 KES
852 1# - LOCATION
-- p2258.87 KES
852 1# - LOCATION
-- p2470 KES
852 1# - LOCATION
-- p2470 KES
852 1# - LOCATION
-- p3238.65 KES
908 ## - PUT COMMAND PARAMETER (RLIN)
Put command parameter 070509
950 ## - LOCAL HOLDINGS (RLIN)
-- 1
Holdings
Withdrawn status Lost status Source of classification or shelving scheme Not for loan Home library Current library Date acquired Total Checkouts Full call number Barcode Date last seen Date last checked out Price effective from Koha item type Total Renewals
    Library of Congress Classification   Kabarak, Main Campus Kabarak, Main Campus 17/12/2015 1 LB880 .B37 2006 c. 2 009199 24/02/2020 14/02/2020 17/12/2015 General Collection  
    Library of Congress Classification   Kabarak, Main Campus Kabarak, Main Campus 17/12/2015 3 LB880 .B37 2006 c. 3 16484 08/03/2022 04/03/2022 17/12/2015 General Collection  
    Library of Congress Classification   Kabarak, Main Campus Kabarak, Main Campus 17/12/2015   LB880 .B37 2006 c. 4 23422 17/12/2015   17/12/2015 General Collection  
    Library of Congress Classification   Kabarak, Main Campus Kabarak, Main Campus 17/12/2015 2 LB880 .B37 2006 c. 1 23423 05/03/2020 14/02/2020 17/12/2015 General Collection  
    Library of Congress Classification   Kabarak, Nakuru City Campus Kabarak, Nakuru City Campus 17/12/2015 1 LB880 .B37 2006 c. 2 20479 23/08/2022 15/09/2017 17/12/2015 General Collection 1
    Library of Congress Classification   Kabarak, Nakuru City Campus Kabarak, Nakuru City Campus 17/12/2015 1 LB880 .B37 2006 c. 1 006902 23/08/2022 15/09/2017 17/12/2015 General Collection 1
Designed with assistance from East African Informatics Ltd